Munkafüzet magyar nyelvből az alapiskola 7. osztálya számára

Bibliographic Details
Main Author: Nagy, Adorján (Author)
Format: Book
Language:Hungarian
PhysicalDescription:128 s. 30 cm
Published: Bratislava Slovenské pedagogické nakladateľstvo 1998
ISBN:8008027886
Edition:2. kiad.
Subjects:

MARC

LEADER 00000nam a2200000 a 4500
001 vtls001329412
003 SK-MaSNL
005 20260301114316.0
008 240314s1998 xo r 0 hun
015 |a SNBA1998/09-03150 
020 |a 8008027886 
035 |a SNK000282256 
035 |a urn:nbn:sk:snk-amtjl7 
035 |a urn:nbn:sk:snk-am00c6wl 
035 |a 7CFDEB70-38BA-4EA6-98CB-02ADBE283133 
040 |a SNK  |b slo  |c SNK  |e AACR2 
041 0 |a hun 
044 |a xo  |c SK 
080 |a 372.880.945.11(075.2)(076.5)  |2 1981 
100 1 |a Nagy, Adorján  |4 aut  |9 20645 
245 1 0 |a Munkafüzet magyar nyelvből az alapiskola 7. osztálya számára  |c Nagy Adorján 
246 1 0 |a Pracovný zošit z maďarského jazyka pre 7. ročník ZŠ s vyučovacím jazykom maďarským 
250 |a 2. kiad. 
260 |a Bratislava  |b Slovenské pedagogické nakladateľstvo  |c 1998 
300 |a 128 s.  |c 30 cm 
650 0 7 |a maďarčina  |x učebnice zákl. škôl (7. roč.) maď.  |x zošity pracovné  |2 SNK  |9 298213 
655 7 |a učebnice  |2 SNK  |9 22521 
919 |a 80-08-02788-6 
958 |a TL 
958 |a UX 
958 |a HU 
999 |c 717922  |d 719852 
952 |t P60, <03>, [BOOK], {603}  |a SNK  |b SNK  |y PREZ  |7 0  |p 17A0138128  |o snkSB 58690  |i snkKSP 4864/98  |0 0  |1 0  |4 0  |d 1998-05-04  |f 1  |l 0  |r 2017-06-30 00:00:00  |w 2026-02-23 
952 |t P60, <04>, [BOOK], {604}  |a SNK  |b SNK  |y VYP  |7 0  |p 17A0138129  |o snkSB 58690 D1  |i snkKSP 4865/98  |0 0  |1 0  |4 0  |d 1998-05-04  |l 0  |r 2005-01-02 00:00:00  |w 2026-02-23 
952 |t P60, <09>, [BOOK], {629}  |a SNK  |b SNK  |y NEVYP  |7 0  |o snkB 252  |i snk854/980505  |0 0  |1 0  |4 0  |d 1998-05-04  |l 0  |r 2005-01-02 00:00:00  |w 2026-02-23